[Event "Daventry 4NCL Easter Open"]
[Site "Daventry"]
[Date "2025.04.19"]
[Round "3.2"]
[White "Bin-Suhayl, Ieysaa"]
[Black "Hebden, Mark L"]
[Result "1-0"]
[WhiteElo "2335"]
[BlackElo "2451"]
[PlyCount "169"]
[EventDate "2025.04.18"]
[EventType "swiss"]
[EventRounds "7"]
[EventCountry "ENG"]
[SourceTitle "BritBase"]
[Source "John Saunders"]
[SourceDate "2025.09.17"]
[SourceVersion "1"]
[SourceVersionDate "2025.09.17"]
[SourceQuality "1"]

1. d4 Nf6 2. c4 g6 3. Nc3 Bg7 4. e4 d6 5. Nf3 O-O 6. Be2 e5 7. O-O Nbd7 8. Qc2 c6 9. d5 c5 10. Bd2 Ne8 11. a3 Kh8 12. b4 b6 13. b5 Ndf6 14. a4 Ng8 15. a5 Rb8 16. axb6 axb6 17. Ra7 Bh6 18. Bxh6 Nxh6 19. Qd2 Ng8 20. h4 h6 21. g3 Ng7 22. Kg2 f5 23. h5 g5 24. exf5 Bxf5 25. Nh2 Nf6 26. g4 Bh7 27. f3 Ra8 28. Ra6 Nd7 29. Bd3 Bxd3 30. Qxd3 Rb8 31. Re1 Rf4 32. Ne2 e4 33. fxe4 Ne5 34. Nxf4 gxf4 35. Qh3 Nxc4 36. Nf3 Qf6 37. Kh1 Qc3 38. g5 hxg5 39. Rg1 Nd2 40. Nxg5 Qxh3+ 41. Nxh3 Nxh5 42. Ra2 Nf3 43. Rg4 Ng3+ 44. Kg2 Ne1+ 45. Kf2 Nd3+ 46. Kg1 Ne5 47. Rxf4 Rg8 48. Rh4+ Kg7 49. Kf2 Kf6 50. Rf4+ Ke7 51. Ra7+ Nd7 52. Rh4 Rg7 53. Ng1 c4 54. Nf3 Kf6 55. Rxd7 Nxe4+ 56. Rxe4 Rxd7 57. Rf4+ Kg6 58. Rxc4 Kf5 59. Ke3 Re7+ 60. Kd3 Ra7 61. Nd4+ Kf6 62. Rc6 Ke5 63. Nb3 Kxd5 64. Rxb6 Rh7 65. Kc2 Kc4 66. Rb8 Rh2+ 67. Nd2+ Kc5 68. Kd3 Rh3+ 69. Ke4 d5+ 70. Ke5 Rd3 71. Nf1 Rb3 72. Rc8+ Kb6 73. Kxd5 Rxb5+ 74. Kd6 Rh5 75. Ne3 Rh6+ 76. Ke5 Kb7 77. Rc4 Rc6 78. Rd4 Rc1 79. Kd6 Rc6+ 80. Kd5 Kc7 81. Rh4 Rd6+ 82. Ke5 Rg6 83. Nd5+ Kb7 84. Rb4+ Kc6 85. Rb6+ 1-0

[Event "Daventry 4NCL Easter Open"]
[Site "Daventry"]
[Date "2025.04.19"]
[Round "3.3"]
[White "Pilley, Jack"]
[Black "Raju, Sooraj Menothuparam"]
[Result "1/2-1/2"]
[WhiteElo "2145"]
[BlackElo "2309"]
[PlyCount "76"]
[EventDate "2025.04.18"]
[EventType "swiss"]
[EventRounds "7"]
[EventCountry "ENG"]
[SourceTitle "BritBase"]
[Source "John Saunders"]
[SourceDate "2025.09.17"]
[SourceVersion "1"]
[SourceVersionDate "2025.09.17"]
[SourceQuality "1"]

1. e4 Nf6 2. e5 Nd5 3. d4 d6 4. Nf3 g6 5. c4 Nb6 6. exd6 cxd6 7. Nc3 Bg7 8. h3 O-O 9. Be2 Nc6 10. O-O Bf5 11. Be3 d5 12. c5 Nc4 13. Bc1 b6 14. b3 bxc5 15. Nxd5 Qxd5 16. Bxc4 Qd8 17. Ba3 Nxd4 18. Bxc5 Bc2 19. Qe1 Nxf3+ 20. gxf3 e6 21. Qe3 Qh4 22. f4 Rfd8 23. Rac1 Bf5 24. Kg2 Bh6 25. Qg3 Qh5 26. Be3 Bg7 27. Kh2 Bb2 28. Rce1 Bc3 29. Be2 Qh6 30. Rd1 Bf6 31. Bf3 Rac8 32. Bg2 Bd3 33. Rg1 Be2 34. Rxd8+ Rxd8 35. f5 Qh5 36. fxe6 fxe6 37. Rc1 e5 38. Be4 Bh4 1/2-1/2

[Event "Daventry 4NCL Easter Open"]
[Site "Daventry"]
[Date "2025.04.19"]
[Round "3.4"]
[White "Willmoth, Robert F"]
[Black "Gunarathne, Senith"]
[Result "1-0"]
[WhiteElo "2248"]
[BlackElo "2064"]
[PlyCount "87"]
[EventDate "2025.04.18"]
[EventType "swiss"]
[EventRounds "7"]
[EventCountry "ENG"]
[SourceTitle "BritBase"]
[Source "John Saunders"]
[SourceDate "2025.09.17"]
[SourceVersion "1"]
[SourceVersionDate "2025.09.17"]
[SourceQuality "1"]

1. d4 f5 2. Nf3 Nf6 3. g3 d5 4. Bg2 e6 5. O-O Bd6 6. c4 c6 7. Nc3 O-O 8. Qc2 Nbd7 9. Rb1 a5 10. a3 Qe7 11. Bf4 Ne4 12. Bxd6 Nxd6 13. Nd2 b5 14. c5 Nf7 15. b4 e5 16. dxe5 Ndxe5 17. e3 Qf6 18. h3 Be6 19. Ne2 axb4 20. axb4 Ra3 21. Nd4 Rfa8 22. N2b3 Ra2 23. Qc3 Nc4 24. Ra1 Bd7 25. Rxa2 Rxa2 26. Ra1 Ra4 27. Rxa4 bxa4 28. Na5 f4 29. gxf4 Qg6 30. Kh2 Nxa5 31. bxa5 Qb1 32. Qa3 g5 33. Qxa4 gxf4 34. a6 Qb8 35. a7 Qa8 36. Qa6 Nd8 37. Qb6 Nb7 38. Qc7 Qxa7 39. Qxd7 Qb8 40. Nxc6 Qa8 41. Qxd5+ Kh8 42. Qe5+ Kg8 43. Bd5+ Kf8 44. Qe7# 1-0

[Event "Daventry 4NCL Easter Open"]
[Site "Daventry"]
[Date "2025.04.19"]
[Round "3.5"]
[White "Hadi, Justin"]
[Black "Kothari, Jai"]
[Result "1/2-1/2"]
[WhiteElo "1977"]
[BlackElo "2204"]
[PlyCount "94"]
[EventDate "2025.04.18"]
[EventType "swiss"]
[EventRounds "7"]
[EventCountry "ENG"]
[SourceTitle "BritBase"]
[Source "John Saunders"]
[SourceDate "2025.09.17"]
[SourceVersion "1"]
[SourceVersionDate "2025.09.17"]
[SourceQuality "1"]

1. e4 c5 2. Nf3 Nc6 3. d4 cxd4 4. Nxd4 g6 5. c4 Bg7 6. Be3 Nf6 7. Nc3 d6 8. f3 Bd7 9. Be2 a5 10. O-O O-O 11. Qd2 Nxd4 12. Bxd4 Bc6 13. Be3 Nd7 14. Rfd1 Nc5 15. Bd4 Bxd4+ 16. Qxd4 Qb6 17. Nd5 Bxd5 18. cxd5 Rfc8 19. Rac1 Na4 20. Qxb6 Nxb6 21. b3 Kg7 22. Kf2 f5 23. Ke3 Nd7 24. Bb5 Nf6 25. h3 h5 26. Kd4 Kf7 27. e5 dxe5+ 28. Kxe5 Rxc1 29. Rxc1 Rd8 30. Rd1 Rc8 31. Bc4 Nd7+ 32. Kd4 Kf6 33. Re1 Nf8 34. g4 hxg4 35. hxg4 Rc7 36. gxf5 gxf5 37. Rh1 b6 38. Rh8 Rc8 39. Rh6+ Ng6 40. Rh7 Rd8 41. Ke3 b5 42. Bxb5 Rxd5 43. Bc4 Re5+ 44. Kf2 Rc5 45. Rh1 e5 46. Rd1 Kg5 47. Rd5 Rxd5 1/2-1/2

[Event "Daventry 4NCL Easter Open"]
[Site "Daventry"]
[Date "2025.04.19"]
[Round "3.6"]
[White "McLean, Robert"]
[Black "Attwell, Ben"]
[Result "1-0"]
[WhiteElo "2197"]
[BlackElo "1882"]
[PlyCount "66"]
[EventDate "2025.04.18"]
[EventType "swiss"]
[EventRounds "7"]
[EventCountry "ENG"]
[SourceTitle "BritBase"]
[Source "John Saunders"]
[SourceDate "2025.09.17"]
[SourceVersion "1"]
[SourceVersionDate "2025.09.17"]
[SourceQuality "1"]

1. e4 c6 2. d4 d5 3. exd5 cxd5 4. Nf3 Nc6 5. Ne5 Nxe5 6. dxe5 e6 7. Bd3 Ne7 8. Nd2 Nc6 9. Nf3 Qc7 10. O-O Nb4 11. c3 Nxd3 12. Qxd3 Be7 13. Re1 O-O 14. Bg5 h6 15. Bxe7 Qxe7 16. Re3 Bd7 17. Nd4 b5 18. f4 b4 19. Rc1 Rfc8 20. Qd2 bxc3 21. Rexc3 Rxc3 22. Rxc3 Rc8 23. Rxc8+ Bxc8 24. Qc3 Ba6 25. g3 Qb7 26. b3 Qb6 27. Kf2 f6 28. Qe3 f5 29. Qc3 g5 30. Ke3 Kf7 31. Qc6 Qxc6 32. Nxc6 Ke8 33. Kd4 Kd7 1-0

[Event "Daventry 4NCL Easter Open"]
[Site "Daventry"]
[Date "2025.04.19"]
[Round "3.7"]
[White "Cook, Phil"]
[Black "Chan, Sheng Liang Bernard"]
[Result "0-1"]
[WhiteElo "2101"]
[BlackElo "2177"]
[PlyCount "78"]
[EventDate "2025.04.18"]
[EventType "swiss"]
[EventRounds "7"]
[EventCountry "ENG"]
[SourceTitle "BritBase"]
[Source "John Saunders"]
[SourceDate "2025.09.17"]
[SourceVersion "1"]
[SourceVersionDate "2025.09.17"]
[SourceQuality "1"]

1. e4 c5 2. Nf3 d6 3. Bc4 Nc6 4. O-O Nf6 5. d3 e6 6. c3 Be7 7. Bb3 O-O 8. Re1 a6 9. Nbd2 Qc7 10. d4 cxd4 11. cxd4 e5 12. d5 Na5 13. Bc2 Nc4 14. Nf1 Bg4 15. Bd3 b5 16. h3 Bxf3 17. Qxf3 Nb6 18. Ng3 g6 19. Bg5 Qd8 20. Rac1 Na4 21. b4 Nd7 22. Bh6 Re8 23. Rc6 Nb8 24. Rc2 Bg5 25. Bxg5 Qxg5 26. Rc7 Rf8 27. Rec1 a5 28. a3 axb4 29. axb4 Na6 30. h4 Qh6 31. Qf6 N4c5 32. R1xc5 dxc5 33. Rb7 Nxb4 34. Bxb5 Qf4 35. Qe7 Ra2 36. Qxc5 Nc2 37. d6 Nd4 38. Bf1 Qxf2+ 39. Kh2 Nf3+ 0-1

[Event "Daventry 4NCL Easter Open"]
[Site "Daventry"]
[Date "2025.04.19"]
[Round "3.8"]
[White "Ansari, Athar"]
[Black "Jones, Steven A"]
[Result "0-1"]
[WhiteElo "2077"]
[BlackElo "2291"]
[PlyCount "74"]
[EventDate "2025.04.18"]
[EventType "swiss"]
[EventRounds "7"]
[EventCountry "ENG"]
[SourceTitle "BritBase"]
[Source "John Saunders"]
[SourceDate "2025.09.17"]
[SourceVersion "1"]
[SourceVersionDate "2025.09.17"]
[SourceQuality "1"]

1. g3 d5 2. Bg2 Nf6 3. d3 e5 4. e3 Bd6 5. Ne2 O-O 6. Nd2 Qe7 7. O-O c6 8. c4 Bf5 9. e4 dxe4 10. dxe4 Be6 11. Qc2 Rd8 12. a3 a5 13. b3 c5 14. Nc3 Nc6 15. Nd5 Nxd5 16. exd5 Nd4 17. Qd3 Bf5 18. Be4 Bxe4 19. Nxe4 f5 20. Nxd6 Rxd6 21. f3 e4 22. fxe4 fxe4 23. Qe3 Nc2 24. Qg5 Qxg5 25. Bxg5 Nxa1 26. Rxa1 Rb6 27. Rb1 a4 28. b4 cxb4 29. axb4 a3 30. b5 Ra4 31. Be3 a2 32. Ra1 Rd6 33. Bf4 Rd8 34. d6 Rda8 35. c5 Rb4 36. c6 bxc6 37. bxc6 Rb1+ 0-1

[Event "Daventry 4NCL Easter Open"]
[Site "Daventry"]
[Date "2025.04.19"]
[Round "3.9"]
[White "Sasikumar, Srivathsan"]
[Black "Elgar, Tim"]
[Result "1-0"]
[WhiteElo "2058"]
[BlackElo "2210"]
[PlyCount "61"]
[EventDate "2025.04.18"]
[EventType "swiss"]
[EventRounds "7"]
[EventCountry "ENG"]
[SourceTitle "BritBase"]
[Source "John Saunders"]
[SourceDate "2025.09.17"]
[SourceVersion "1"]
[SourceVersionDate "2025.09.17"]
[SourceQuality "1"]

1. e4 c6 2. d4 d5 3. exd5 cxd5 4. c4 Nf6 5. Nc3 g6 6. Nf3 Bg7 7. c5 O-O 8. Be2 Bg4 9. O-O Nc6 10. h3 Bxf3 11. Bxf3 Ne4 12. Be3 Nxc5 13. dxc5 d4 14. Nd5 dxe3 15. Nxe3 Qa5 16. Qd7 Ne5 17. Qxb7 Rab8 18. Qxe7 Rfe8 19. Qg5 Nxf3+ 20. gxf3 Re5 21. Qg3 Qxc5 22. Rac1 Qb5 23. Ng4 Rf5 24. a4 Qxb2 25. Ne3 Rh5 26. Rc2 Qb3 27. Rfc1 Re8 28. Rc8 Qxa4 29. Ng4 Qb5 30. Qc7 Be5 31. Qe7 1-0

[Event "Daventry 4NCL Easter Open"]
[Site "Daventry"]
[Date "2025.04.19"]
[Round "3.10"]
[White "Cox, Tristan A"]
[Black "Baer, Bruce L"]
[Result "1-0"]
[WhiteElo "2181"]
[BlackElo "2046"]
[PlyCount "55"]
[EventDate "2025.04.18"]
[EventType "swiss"]
[EventRounds "7"]
[EventCountry "ENG"]
[SourceTitle "BritBase"]
[Source "John Saunders"]
[SourceDate "2025.09.17"]
[SourceVersion "1"]
[SourceVersionDate "2025.09.17"]
[SourceQuality "1"]

1. c4 d6 2. g3 g6 3. Bg2 Bg7 4. Nc3 e5 5. d3 f5 6. b4 Nf6 7. Rb1 a5 8. b5 Nbd7 9. Nf3 O-O 10. O-O Nc5 11. Nd2 Be6 12. Nb3 Nfd7 13. Nxc5 Nxc5 14. Na4 Nxa4 15. Qxa4 d5 16. cxd5 Bxd5 17. Bg5 Bf6 18. Bxf6 Rxf6 19. Bxd5+ Qxd5 20. Rbc1 Rc8 21. Rc4 c5 22. Qxa5 b6 23. Qc3 Ra8 24. a4 Kg7 25. e4 Qe6 26. exf5 Qxf5 27. Re4 Re8 28. f4 1-0

[Event "Daventry 4NCL Easter Open"]
[Site "Daventry"]
[Date "2025.04.19"]
[Round "3.11"]
[White "Bharat Kumar, Balahari"]
[Black "Burton, Sean"]
[Result "1/2-1/2"]
[WhiteElo "2165"]
[BlackElo "1904"]
[PlyCount "64"]
[EventDate "2025.04.18"]
[EventType "swiss"]
[EventRounds "7"]
[EventCountry "ENG"]
[SourceTitle "BritBase"]
[Source "John Saunders"]
[SourceDate "2025.09.17"]
[SourceVersion "1"]
[SourceVersionDate "2025.09.17"]
[SourceQuality "1"]

1. d4 Nf6 2. c4 e6 3. Nf3 b6 4. e3 Bb7 5. Bd3 d5 6. O-O Bd6 7. b3 O-O 8. Bb2 Nbd7 9. Nbd2 c5 10. Rc1 Rc8 11. Qe2 Ne4 12. cxd5 exd5 13. dxc5 bxc5 14. Ba6 Bxa6 15. Qxa6 Ndf6 16. h3 Qd7 17. Rfd1 Qf5 18. Nxe4 Nxe4 19. Qd3 Rfd8 20. a3 h6 21. Kf1 Be7 22. Qe2 Rc6 23. b4 Rcc8 24. bxc5 Bxc5 25. Kg1 Rb8 26. Nd4 Bxd4 27. Bxd4 Rb3 28. Qc2 Rxa3 29. f3 Ng3 30. Qf2 Qg6 31. Rc7 Nf5 32. Rxa7 Rxa7 1/2-1/2

[Event "Daventry 4NCL Easter Open"]
[Site "Daventry"]
[Date "2025.04.19"]
[Round "3.12"]
[White "Ganguly, Aryaman"]
[Black "Potter, John M"]
[Result "0-1"]
[WhiteElo "1992"]
[BlackElo "2159"]
[PlyCount "106"]
[EventDate "2025.04.18"]
[EventType "swiss"]
[EventRounds "7"]
[EventCountry "ENG"]
[SourceTitle "BritBase"]
[Source "John Saunders"]
[SourceDate "2025.09.17"]
[SourceVersion "1"]
[SourceVersionDate "2025.09.17"]
[SourceQuality "1"]

1. e4 e6 2. d4 d5 3. e5 Bd7 4. c3 c5 5. Nf3 Nc6 6. a3 c4 7. Nbd2 Na5 8. Rb1 Ne7 9. Be2 Nc8 10. O-O Nb6 11. Qe1 Ba4 12. Bd1 Qd7 13. Bxa4 Qxa4 14. Qd1 Be7 15. Re1 h6 16. Nf1 Qxd1 17. Rxd1 Na4 18. Re1 b5 19. N3d2 Kd7 20. Ne3 h5 21. Nc2 Nc6 22. f4 g6 23. Re3 a5 24. b3 cxb3 25. Rxb3 Rab8 26. Nf3 Rhc8 27. Bd2 Nb6 28. Re1 Na7 29. Ra1 Rc7 30. Ne3 Rbc8 31. Ne1 Kc6 32. Kf2 Rb8 33. g3 Nac8 34. Ke2 Nc4 35. Nxc4 dxc4 36. Rbb1 Nb6 37. Nc2 Nd5 38. Ne3 Rcb7 39. Nxd5 Kxd5 40. Ke3 f5 41. h4 Kc6 42. Ra2 Ra8 43. Raa1 Rba7 44. Ra2 b4 45. axb4 axb4 46. Rxa7 Rxa7 47. cxb4 Ra3+ 48. Kf2 Kb5 49. Be1 c3 50. Ke2 Kc4 51. b5 Ra2+ 52. Ke3 c2 53. Rc1 Ba3 0-1

[Event "Daventry 4NCL Easter Open"]
[Site "Daventry"]
[Date "2025.04.19"]
[Round "3.13"]
[White "Richmond, Frank"]
[Black "Dilley, Jason M"]
[Result "1-0"]
[WhiteElo "1944"]
[BlackElo "2143"]
[PlyCount "127"]
[EventDate "2025.04.18"]
[EventType "swiss"]
[EventRounds "7"]
[EventCountry "ENG"]
[SourceTitle "BritBase"]
[Source "John Saunders"]
[SourceDate "2025.09.17"]
[SourceVersion "1"]
[SourceVersionDate "2025.09.17"]
[SourceQuality "1"]

1. e4 g6 2. d4 Bg7 3. Nc3 d6 4. Be3 c6 5. Qd2 b5 6. h4 a6 7. h5 Nf6 8. h6 Bf8 9. f3 Qc7 10. O-O-O Nbd7 11. g4 Nb6 12. g5 Nfd7 13. f4 b4 14. Nb1 a5 15. e5 e6 16. exd6 Bxd6 17. Nf3 a4 18. c4 bxc3 19. Nxc3 a3 20. b3 Bb4 21. Qc2 Bxc3 22. Qxc3 Nd5 23. Qd2 N7b6 24. Ne5 Nxe3 25. Qxe3 Nd5 26. Qd2 Ba6 27. Bxa6 Rxa6 28. Nd3 O-O 29. Kb1 Rd8 30. Rc1 Rb6 31. Rc4 Qd6 32. Rhc1 Rc8 33. Ra4 Rb7 34. Nc5 Rbc7 35. Rf1 Rd8 36. Rxa3 Ne7 37. Qa5 Rcc8 38. Ra4 Qd5 39. Qe1 Nf5 40. Ne4 Qb5 41. Nf6+ Kh8 42. Ng4 Rd5 43. Rc4 Nxd4 44. Qb4 Qxb4 45. Rxb4 Nb5 46. a4 Nd6 47. Nf6 Rd2 48. Kc1 Ra2 49. Kb1 Rd2 50. Kc1 Ra2 51. Rd1 c5 52. Rb6 Ne8 53. Nxe8 Rxe8 54. Rd7 Kg8 55. Rbb7 Rf8 56. Kb1 Rf2 57. a5 Rxf4 58. a6 c4 59. a7 Rf1+ 60. Kb2 Rf2+ 61. Ka3 Rf3 62. Rb8 Rxb3+ 63. Rxb3 cxb3 64. Rb7 1-0

[Event "Daventry 4NCL Easter Open"]
[Site "Daventry"]
[Date "2025.04.19"]
[Round "3.14"]
[White "Burrows, Martin P"]
[Black "Sahoo, Shivam"]
[Result "1/2-1/2"]
[WhiteElo "2141"]
[BlackElo "1794"]
[PlyCount "139"]
[EventDate "2025.04.18"]
[EventType "swiss"]
[EventRounds "7"]
[EventCountry "ENG"]
[SourceTitle "BritBase"]
[Source "John Saunders"]
[SourceDate "2025.09.17"]
[SourceVersion "1"]
[SourceVersionDate "2025.09.17"]
[SourceQuality "1"]

1. e4 c5 2. Nf3 Nc6 3. Bb5 g6 4. O-O Bg7 5. Re1 Nf6 6. e5 Nd5 7. Nc3 Nc7 8. Bxc6 dxc6 9. Ne4 Ne6 10. d3 O-O 11. h3 Qc7 12. Neg5 h6 13. Nxe6 Bxe6 14. Bf4 Rfd8 15. Qe2 b6 16. Nd2 Qd7 17. Bg3 Rac8 18. a4 Qd4 19. b3 Rc7 20. Rad1 b5 21. Nf3 Qb4 22. Ra1 c4 23. bxc4 bxc4 24. d4 c5 25. Qe3 c3 26. dxc5 Qxc5 27. Bf4 Kh7 28. Qxc5 Rxc5 29. Be3 Rc7 30. Nd4 Bc4 31. f4 e6 32. Nb5 Bxb5 33. axb5 Rb8 34. Reb1 Rcb7 35. Bxa7 Ra8 36. Bd4 Rxa1 37. Rxa1 Rxb5 38. Bxc3 Rc5 39. Ra3 g5 40. fxg5 hxg5 41. Kf2 Bxe5 42. Bxe5 Rxe5 43. c4 Rc5 44. Rc3 f5 45. Ke3 e5 46. Kd3 Kg6 47. Rb3 Rc6 48. Rb5 Kf6 49. c5 Ke6 50. Kc4 e4 51. Kd4 e3 52. Kxe3 Kd5 53. h4 gxh4 54. Kf4 Rc8 55. c6+ Kxc6 56. Rxf5 Rg8 57. Rg5 Rh8 58. Kg4 Kd6 59. Kh3 Ke6 60. Rg4 Kf5 61. Rxh4 Rg8 62. Rh5+ Kg6 63. g4 Re8 64. Ra5 Re6 65. Kh4 Rf6 66. Rg5+ Kh6 67. Rg8 Rf1 68. Ra8 Rh1+ 69. Kg3 Rg1+ 70. Kf3 1/2-1/2

[Event "Daventry 4NCL Easter Open"]
[Site "Daventry"]
[Date "2025.04.19"]
[Round "3.15"]
[White "De Silva, Sithun"]
[Black "Varley, Joe"]
[Result "1/2-1/2"]
[WhiteElo "1920"]
[BlackElo "2098"]
[PlyCount "129"]
[EventDate "2025.04.18"]
[EventType "swiss"]
[EventRounds "7"]
[EventCountry "ENG"]
[SourceTitle "BritBase"]
[Source "John Saunders"]
[SourceDate "2025.09.17"]
[SourceVersion "1"]
[SourceVersionDate "2025.09.17"]
[SourceQuality "1"]

1. d4 Nf6 2. c4 g6 3. g3 c5 4. d5 Bg7 5. Bg2 O-O 6. Nc3 e6 7. e4 d6 8. Nge2 exd5 9. cxd5 a6 10. a4 Nbd7 11. O-O Re8 12. Re1 b6 13. Bf4 Qc7 14. Qc2 Rb8 15. Rab1 Nh5 16. Bd2 Ne5 17. Rec1 Bg4 18. h3 Bf3 19. Be3 Bxg2 20. Kxg2 Qe7 21. b4 Nc4 22. Qd3 Nxe3+ 23. Qxe3 Nf6 24. f3 Nd7 25. Nd1 f5 26. Nf2 Nf6 27. Nf4 fxe4 28. fxe4 Bh6 29. Re1 cxb4 30. Rxb4 Bxf4 31. gxf4 Nxd5 32. Qd2 Nxb4 33. Qxb4 Qf6 34. Ng4 Qe6 35. Qd4 Kf8 36. Qh8+ Ke7 37. Qxh7+ Qf7 38. Qh4+ Kd7 39. Nf6+ Kc7 40. Nxe8+ Rxe8 41. Qg5 Qa2+ 42. Kf3 Qb3+ 43. Re3 Qd1+ 44. Kf2 Qd2+ 45. Kf3 Re6 46. Qd5 Qxd5 47. exd5 Rxe3+ 48. Kxe3 Kd7 49. Ke4 Ke7 50. Kd4 Kf6 51. Ke4 Kg7 52. Kd4 Kh6 53. Kd3 Kh5 54. Ke4 b5 55. axb5 axb5 56. f5 Kg5 57. fxg6 Kxg6 58. Kd4 Kf5 59. Kc3 Ke5 60. Kb4 Kxd5 61. Kxb5 Ke4 62. Kc4 d5+ 63. Kc3 Ke3 64. Kc2 Ke2 65. Kc3 1/2-1/2

[Event "Daventry 4NCL Easter Open"]
[Site "Daventry"]
[Date "2025.04.19"]
[Round "3.16"]
[White "Sullivan, Daniel JS"]
[Black "Ward, Cian"]
[Result "1-0"]
[WhiteElo "2050"]
[BlackElo "1993"]
[PlyCount "73"]
[EventDate "2025.04.18"]
[EventType "swiss"]
[EventRounds "7"]
[EventCountry "ENG"]
[SourceTitle "BritBase"]
[Source "John Saunders"]
[SourceDate "2025.09.17"]
[SourceVersion "1"]
[SourceVersionDate "2025.09.17"]
[SourceQuality "1"]

1. c4 e5 2. Nc3 Nf6 3. Nf3 Nc6 4. g3 d5 5. cxd5 Nxd5 6. Bg2 Nb6 7. O-O Bc5 8. b3 O-O 9. Bb2 f5 10. b4 Bd6 11. d3 Re8 12. b5 Nd4 13. e3 Ne6 14. Qc2 Nc5 15. Rfd1 Qf6 16. Rac1 a6 17. d4 Ncd7 18. dxe5 Nxe5 19. Nxe5 Bxe5 20. Nd5 Nxd5 21. Bxd5+ Kh8 22. Bxe5 Qxe5 23. bxa6 c6 24. axb7 Bxb7 25. Bxc6 Bxc6 26. Qxc6 Rxa2 27. Rc5 Qe4 28. Qd5 Qa4 29. Qd7 Qa8 30. Rxf5 Rxe3 31. Rf7 Qe8 32. Qd8 Re1+ 33. Kg2 Ra8 34. Qxe8+ Rexe8 35. Rdd7 Rg8 36. f4 Rad8 37. Rxg7 1-0

[Event "Daventry 4NCL Easter Open"]
[Site "Daventry"]
[Date "2025.04.19"]
[Round "3.17"]
[White "Cast, Julian"]
[Black "Gilmore, Simon N"]
[Result "0-1"]
[WhiteElo "2006"]
[BlackElo "2039"]
[PlyCount "107"]
[EventDate "2025.04.18"]
[EventType "swiss"]
[EventRounds "7"]
[EventCountry "ENG"]
[SourceTitle "BritBase"]
[Source "John Saunders"]
[SourceDate "2025.09.17"]
[SourceVersion "1"]
[SourceVersionDate "2025.09.17"]
[SourceQuality "1"]

1. d4 Nf6 2. e3 e6 3. Bd3 b6 4. Nd2 Bb7 5. Ngf3 c5 6. c3 Nc6 7. O-O d5 8. Qe2 Be7 9. Ne5 O-O 10. f4 Rc8 11. Qf3 g6 12. Qh3 Nxe5 13. fxe5 Ne4 14. Nxe4 dxe4 15. Bc2 Bd5 16. Bd2 f5 17. exf6 Bxf6 18. Bxe4 Qd6 19. Bf3 Rcd8 20. Rf2 cxd4 21. exd4 e5 22. Bh6 Bg7 23. Bg5 Rde8 24. dxe5 Bxe5 25. Rd1 Be6 26. Rxd6 Bxh3 27. Rd1 Be6 28. a3 Rf5 29. Rd8 Rxd8 30. Bxd8 Bd6 31. Re2 Bc5+ 32. Kh1 Bd5 33. b4 Rxf3 34. gxf3 Bxf3+ 35. Rg2 Be3 36. Bf6 Kf7 37. Bh8 b5 38. h3 Bxg2+ 39. Kxg2 Bc1 40. Bd4 a6 41. Kf3 Bxa3 42. Ke4 Ke6 43. Bb6 Bc1 44. Bd8 Bh6 45. Bh4 Bg7 46. Be1 Be5 47. Bd2 Bf6 48. Be1 g5 49. Bd2 h5 50. Be1 Be5 51. Bd2 g4 52. hxg4 hxg4 53. Be1 g3 54. Kf3 0-1

[Event "Daventry 4NCL Easter Open"]
[Site "Daventry"]
[Date "2025.04.19"]
[Round "3.18"]
[White "Li, Reya"]
[Black "Shivakumar, Akshath"]
[Result "1/2-1/2"]
[WhiteElo "1895"]
[BlackElo "2007"]
[PlyCount "78"]
[EventDate "2025.04.18"]
[EventType "swiss"]
[EventRounds "7"]
[EventCountry "ENG"]
[SourceTitle "BritBase"]
[Source "John Saunders"]
[SourceDate "2025.09.17"]
[SourceVersion "1"]
[SourceVersionDate "2025.09.17"]
[SourceQuality "1"]

1. e4 e6 2. d4 d5 3. e5 c5 4. c3 Nc6 5. Nf3 Bd7 6. Be2 Nge7 7. O-O Nf5 8. Be3 Nxe3 9. fxe3 Be7 10. Nbd2 Qb6 11. Qb3 Qxb3 12. Nxb3 c4 13. Nbd2 f5 14. exf6 Bxf6 15. e4 O-O 16. e5 Be7 17. g3 a5 18. a4 Rfb8 19. b3 cxb3 20. Nxb3 Rc8 21. Rfc1 b6 22. Bb5 Nb8 23. c4 Bxb5 24. cxb5 Nd7 25. Rc6 Rxc6 26. bxc6 Nb8 27. Rc1 Na6 28. c7 Rc8 29. Rc6 Rxc7 30. Rxb6 Nb4 31. Nxa5 Ra7 32. Nc6 Nxc6 33. Rxc6 Rxa4 34. Rxe6 Kf7 35. Rb6 Ra3 36. Kg2 Ra2+ 37. Kh3 Ra3 38. Nh4 Bxh4 39. Kxh4 Ra4 1/2-1/2

[Event "Daventry 4NCL Easter Open"]
[Site "Daventry"]
[Date "2025.04.19"]
[Round "3.19"]
[White "Manisse, Pierre-Damien"]
[Black "Gordon, Sean"]
[Result "0-1"]
[WhiteElo "1970"]
[BlackElo "2050"]
[PlyCount "54"]
[EventDate "2025.04.18"]
[EventType "swiss"]
[EventRounds "7"]
[EventCountry "ENG"]
[SourceTitle "BritBase"]
[Source "John Saunders"]
[SourceDate "2025.09.17"]
[SourceVersion "1"]
[SourceVersionDate "2025.09.17"]
[SourceQuality "1"]

1. d4 d5 2. Nc3 Nf6 3. Bf4 e6 4. e3 Bb4 5. Bd3 c5 6. dxc5 Bxc5 7. Nf3 O-O 8. O-O Nc6 9. a3 Re8 10. Ne5 Bd6 11. Nxc6 bxc6 12. Bg5 h6 13. Bh4 Rb8 14. Rb1 g5 15. Bg3 Bxg3 16. hxg3 e5 17. Re1 e4 18. Be2 Kg7 19. Na4 Rh8 20. c4 h5 21. cxd5 cxd5 22. Qd4 h4 23. Qe5 hxg3 24. Qxb8 Rh1+ 25. Kxh1 Qh8+ 26. Kg1 Qh2+ 27. Kf1 Qh1# 0-1

[Event "Daventry 4NCL Easter Open"]
[Site "Daventry"]
[Date "2025.04.19"]
[Round "3.20"]
[White "Miller, George I"]
[Black "Hertog, Alexander"]
[Result "1/2-1/2"]
[WhiteElo "1950"]
[BlackElo "2015"]
[PlyCount "66"]
[EventDate "2025.04.18"]
[EventType "swiss"]
[EventRounds "7"]
[EventCountry "ENG"]
[SourceTitle "BritBase"]
[Source "John Saunders"]
[SourceDate "2025.09.17"]
[SourceVersion "1"]
[SourceVersionDate "2025.09.17"]
[SourceQuality "1"]

1. e4 c6 2. d4 d5 3. exd5 cxd5 4. Bd3 Nf6 5. c3 Nc6 6. Bf4 Bg4 7. Qb3 Qd7 8. Nd2 e6 9. Ngf3 Bd6 10. Bxd6 Qxd6 11. O-O O-O 12. Rae1 Bh5 13. Ne5 Rab8 14. Qb5 a6 15. Qb6 Nd7 16. Nxd7 Qxd7 17. Nb3 Qd8 18. Qxd8 Rfxd8 19. f4 b5 20. Nc5 a5 21. f5 exf5 22. Bxf5 Bg6 23. Nd7 Rb7 24. Ne5 Nxe5 25. Rxe5 Bxf5 26. Rfxf5 Rbd7 27. a3 g6 28. Rf6 b4 29. Ra6 bxc3 30. bxc3 Rc8 31. Re3 Rdc7 32. Rxa5 Rxc3 33. Kf2 Kg7 1/2-1/2

[Event "Daventry 4NCL Easter Open"]
[Site "Daventry"]
[Date "2025.04.20"]
[Round "4.1"]
[White "Bin-Suhayl, Ieysaa"]
[Black "Mahadevan, Siva"]
[Result "1/2-1/2"]
[WhiteElo "2335"]
[BlackElo "2517"]
[PlyCount "71"]
[EventDate "2025.04.18"]
[EventType "swiss"]
[EventRounds "7"]
[EventCountry "ENG"]
[SourceTitle "BritBase"]
[Source "John Saunders"]
[SourceDate "2025.09.17"]
[SourceVersion "1"]
[SourceVersionDate "2025.09.17"]
[SourceQuality "1"]

1. Nf3 d5 2. g3 g6 3. Bg2 Bg7 4. d4 Nf6 5. O-O c6 6. Ne5 Ng4 7. Bf4 Qb6 8. b3 Nxe5 9. Bxe5 Bxe5 10. dxe5 Nd7 11. e4 dxe4 12. e6 Nf6 13. exf7+ Kxf7 14. Qe2 Bg4 15. Qc4+ Kg7 16. h3 Bd7 17. Re1 Rhf8 18. Nc3 Rf7 19. Na4 Qc7 20. Nc5 Raf8 21. Rad1 Bc8 22. Nxe4 Nxe4 23. Qxe4 Rxf2 24. Qxe7+ Qxe7 25. Rxe7+ R2f7 26. Rxf7+ Rxf7 27. b4 Rd7 28. Rxd7+ Bxd7 29. Kf2 Kf6 30. Ke3 Ke5 31. h4 h6 32. a4 b6 33. a5 c5 34. axb6 axb6 35. bxc5 bxc5 36. c3 1/2-1/2